| 000 | 00572nam a2200217 a 4500 | ||
|---|---|---|---|
| 999 |
_c7222 _d7222 |
||
| 001 | 7222 | ||
| 003 | BD-JhCC | ||
| 005 | 20180207131529.0 | ||
| 008 | 180206s1977 ii |||| || | 000 0 eng d | ||
| 035 | _a(BD-JhCC)7222 | ||
| 040 |
_aBD-JhCC _dBD-JhCC |
||
| 041 | _aeng | ||
| 082 |
_a823.912 _bMAR 1977 |
||
| 100 | _aMartin, John Sayre | ||
| 245 |
_aE M Forster : _bthe endless journey / _c John Sayre Martin, |
||
| 260 |
_aIndia : _bVikas Publishing House Pvt Ltd, _c1977 |
||
| 300 |
_a174 p. : _c24 cm. |
||
| 650 | _aShort Stories | ||
| 942 |
_2ddc _cBK |
||